Respuesta de España al tratado de Francia sobre las pretensiones de la Reyna Christianissima

Detalles Bibliográficos
Formato: Libro
Lenguaje:Undetermined
Spanish
Publicado: s.l. : s.n., 1667.
Materias:
Colección:Banco de datos
Acervo:Biblioteca Palafoxiana. Colección bibliográfica
Descripción Física:[9], 285 h. ; f°
Tema general:Historia civil
Notas:Incluye portada arquitectónica. Marca de fuego: Colegio de San Juan. Ex libris manuscrito: "Del Collegio de San Ildefonso de la Puebla. Ex dono DD Josephi de Luna". Número de localización: 18822
LEADER 00674nam a2200157Ia 4500
008 150723s9999 xx 000 0 und d
041 0 |a spa 
050 0 |a PAFX D20 R4 
245 1 0 |a Respuesta de España al tratado de Francia sobre las pretensiones de la Reyna Christianissima 
260 |a s.l. : s.n., 1667. 
300 |a [9], 285 h. ; f° 
500 |a Incluye portada arquitectónica. Marca de fuego: Colegio de San Juan. Ex libris manuscrito: "Del Collegio de San Ildefonso de la Puebla. Ex dono DD Josephi de Luna". Número de localización: 18822 
650 1 0 |a Historia civil 
942 |c PALALIB 
943 |g Biblioteca Palafoxiana. Colección bibliográfica 
999 |c 1051945  |d 1051945